00683nam a22001697a 4500003000900000008004100009040007100050082002400121100002800145245008000173260003200253300003000285440002300315505013400338650001500472650002600487AR-CdUCM190325b ||||| |||| 00| 0 spa d aMUNICIPALIDAD PROVINCIAL DEL CUSCOcBIBLIOTECA MUNICIPAL DEL CUSCO 216ed.a800.7 /bS21 aSánchez, Luis Alberto aBreve tratado de literatura general :by notas sobre la literatura nueva /  aSantiago :bErcilla,c1965. a233 páginas ;c20.5 cm. aTextos de estudio. aLa enseñanza de la literatura -- Nociones de preceptiva literaria -- La composición literaria -- La elocución y sus clases. aLiteratura aEstudio y enseñanza